000 00449nam a22001577a 4500
003 PILC
005 20151006094703.0
008 151006b xxu||||| |||| 00| 0 eng d
020 _a9789351154983
050 _aT 353
_b.B311 2015
245 _aBasics of drawing and graphics /
260 _aUAE :
_b3G elearning,
_c2015.
300 _aiv, 191 pages :
_billustrations ;
_c24 cm. +
_e1 DVD.
650 _aEngineering graphics.
942 _2lcc
_cBK
_kFOR
999 _c288818
_d288818